000 01235nam a22002177a 4500
008 090810t xxu||||| |||| 00| 0 eng d
020 _a9780521715188
082 _a428.2402362
_bIBB
_222
100 1 _aIbbotson, Mark.
_98401
245 _aCambridge English for engineering /
_cMark Ibbotson.
260 _aCambridge, U.K. :
_bCambridge University Press, 2008
_c2008.
300 _a112 p. :
_bcol. ill. ;
_c25 cm. +
_e+ 2 sound discs (digital ; 4 3/4 in.)
490 0 _aCambridge professional English ;
_915869
650 0 _aEngineering
_xTerminology.
_98397
650 0 _aEnglish language
_xTechnical English.
_98398
650 0 _aEnglish language
_xTextbooks for foreign speakers.
_98399
942 _2ddc
_cBB
999 _c12558
_d12558